| 000 | 00851cam a2200229 i 4500 | ||
|---|---|---|---|
| 005 | 20251230124033.0 | ||
| 008 | 250721s2005 jo gr 000 0 ara d | ||
| 082 | 1 | 4 |
_a218.624 _bز ه ر |
| 100 | 1 |
_aزهران، عدنان _eمؤلف. |
|
| 245 | 1 | 2 |
_aالإشاعة أداة حرب على الإسلام و المسلمين / _cتأليف عدنان زهران، سامر محي الدين حشيمة. |
| 250 | _aالطبعة الأولى. | ||
| 264 | 3 | 1 |
_aعمان : _bدار زهران للنشر والتوزيع، _c2005. |
| 300 | _a207 صفحة. | ||
| 650 | 1 | 7 | _aالإسلام. |
| 650 | 1 | 7 | _aالغزو الفكري. |
| 650 | 1 | 7 | _aالحرب. |
| 650 | 1 | 7 | _aالإشاعة. |
| 650 | 1 | 7 | _aالمسلمين. |
| 700 | 1 |
_aحشيمة، سامر محي الدين _eمؤلف. |
|
| 942 |
_2ddc _cBK |
||
| 999 |
_c95612 _d95612 |
||